000
00273nam a2200109Ia 4500
005
20251222114340.0
008
251222s1900||||xx |||||||||||||| ||spa||
082
_a
DVD0070/F81/2001/T.6
245
0
_a
Band of brothers.
264
_b
Spielberg, Steven. Hanks, Tom.
942
_c
DVD
999
_c
816
_d
816